00549nam a2200157Ia 4500008004100000020000700041082001600048100001500064245017900079250000800258260004300266300002300309500001900332600002000351650002000371240925s9999 xx 000 0 und d aNA a342.026 ALI aZaka., Ali 4aThe Karachi Building & Town Planning Regulations 2002: ammended as karachi building & town planning regulations (AMDT)2004,karachi building & town planning regulations (AMDT) a1st aKarachi:bThe Ideal Publishersc,2006. a120p.b0fOriginal aIncludes Index aSocial Sciences aSocial Sciences